Hadiah untuk Faridah

Bibliographic Details
Format: Book
Published: Selangor : Penerbitan Gedung Ilmu , 2002
Series:Siri kanak-kanak harmoni
Subjects:

MARC

LEADER 00000cam a2200000 7i4500
001 0000000053
005 20220105103908.0
008 070627
020 |a 9835700508 
090 0 0 |a JP   |b MAL (108) 
245 0 0 |a Hadiah untuk Faridah 
260 |a Selangor :   |b Penerbitan Gedung Ilmu ,   |c 2002 
440 0 |a Siri kanak-kanak harmoni 
500 |a Children age 4-6 years old (yellow) 
650 0 |a Malay fiction 
999 |a 0000889959   |b Book   |c Children Collection   |e Cawangan Bandar Penawar 
999 |a 0000889961   |b Book   |c Children Collection   |e Cawangan Segamat 
999 |a 0000889962   |b Book   |c Children Collection   |e Cawangan Taman Universiti 
999 |a 0000900785   |b Book   |c Children Collection   |e Cawangan Segamat 
999 |a 0000900792   |b Book   |c Children Collection   |e Cawangan Mersing 
999 |a 0000953728   |b Book   |c Children Collection   |e Perbadanan Perpustakaan Awam Johor 
999 |a 0000953842   |b Book   |c Children Collection   |e Perbadanan Perpustakaan Awam Johor 
999 |a 0000953843   |b Book   |c Children Collection   |e Cawangan Tangkak 
999 |a 0000953845   |b Book   |c Children Collection   |e Cawangan Muar 
999 |a 0000955672   |b Book   |c Children Collection   |e Cawangan Taman Universiti 
999 |a 0001164983   |b Book   |c Children Collection   |e Cawangan Taman Universiti 
999 |a 0001164985   |b Book   |c Children Collection   |e Cawangan Bukit Gambir 
999 |a 0001164986   |b Book   |c Children Collection   |e Cawangan Bandar Penawar 
999 |a 0001164987   |b Book   |c Children Collection   |e Cawangan Tangkak 
999 |a 0001164988   |b Book   |c Children Collection   |e Cawangan Segamat 
999 |a 0001164993   |b Book   |c Children Collection   |e Cawangan Pontian 
999 |a 0001164994   |b Book   |c Children Collection   |e Cawangan Taman Sri Lambak 
999 |a 0001164995   |b Book   |c Children Collection   |e Cawangan Tmn. Ungku Tun Aminah